000
00323 a2200121 4500
000
nam a22 7a 4500
005
20260207155534.0
020
_a
9788171108756
100
_a
Indrachandra Shastri
_9
1114390
245
_a
A Study of Nyaya Manjari by Jayanta Bhatta
260
_b
Parmil Publications
_c
2024
942
_c
TEXL
999
_c
1678934
_d
1678934